000 00378nam a22001217a 4500
999 _c9462
_d9462
003 OSt
008 201203b ||||| |||| 00| 0 eng d
245 _aMan Made Textiles In India
250 _a2011( Aug Vol.39 No.8, Sep Vol.39 No.9, Oct Vol.39 No.10, Nov Vol.39 No.11, Dec Vol.39 No.12 )
260 _aMumbai
_bU.K. Gangopadhyay
650 _aTextile Engineering
942 _2ddc
_cBV